Lọ lem thơ

Saved in:
Bibliographic Details
Main Author: Epghenhi Eptusenko
Format: Book
Language:Vietnamese
Published: H. Tác phẩm mới Hội Nhà văn Việt Nam 1982
Tags: Add Tag
No Tags, Be the first to tag this record!
Institutions: Mạng thư viện Đại học Đà Nẵng
LEADER 00929nam a2200277 4500
001 000004944
003 1086
005 20120411090421.0
008 110805s1982 viesd
020 |c 5000 đ 
041 0 |a vie 
082 |a 891.7  |b ÉP-É 
100 0 |a Epghenhi Eptusenko 
245 0 |a Lọ lem  |b thơ  |c Bằng Việt dịch; Vũ Quần Phương giới thiệu 
260 |a H.  |b Tác phẩm mới  |b Hội Nhà văn Việt Nam  |c 1982 
300 |a 86 tr.  |c 21 cm 
OWN |a LSP 
AVA |a UDN50  |b LSP  |d 891.7 ÉP-É  |e available  |t Error 5001 Not defined in file expand_doc_bib_avail.  |f 1  |g 0  |h N  |i 0  |k 1 
999 |a From the UDN01 
AVA |a UDN50  |b LSP  |d 891.7 ÉP-É  |e available  |t Error 5001 Not defined in file expand_doc_bib_avail.  |f 1  |g 0  |h N  |i 0  |k 1 
TYP |a Monograph 
TYP |a Printed language 
980 |a Mạng thư viện Đại học Đà Nẵng